logo

Bir Sreshtho Munshi Abdur Rouf Library
Jhenaidah Cadet College

Coffee Growing / (Record no. 5921)

MARC details
000 -LEADER
fixed length control field 00571nam a2200229 a 4500
001 - CONTROL NUMBER
JCCL Control Number d #5921
003 - CONTROL NUMBER IDENTIFIER
JCCL marc code BD-JhCC
005 - DATE AND TIME OF LATEST TRANSACTION
control field 20171230184942.0
008 - FIXED-LENGTH DATA ELEMENTS--GENERAL INFORMATION
fixed length control field 171230s1963 bg a|||| |a|| 000 0 eng d
035 ## - SYSTEM CONTROL NUMBER
system control number (BD-JhCC)d #5921
040 ## - CATALOGING SOURCE
Original cataloging agency BD-JhCC
Modifying agency BD-JhCC
041 ## - LANGUAGE CODE
Language code of Book eng
082 ## - DEWEY DECIMAL CLASSIFICATION NUMBER
Classification number 633.73
Author mark and Year HAR 1963
100 ## - MAIN ENTRY--PERSONAL NAME
Personal name Haarer, A. E.
245 ## - TITLE STATEMENT
Title Coffee Growing /
Statement of responsibility, etc A. E. Haarer
260 ## - PUBLICATION, DISTRIBUTION, ETC. (IMPRINT)
Place of publication, distribution, etc New York
Name of publisher, distributor, etc Oxford University Press,
Date of publication, distribution, etc 1963.
260 ## - PUBLICATION, DISTRIBUTION, ETC. (IMPRINT)
Place of publication, distribution, etc Toronto :
300 ## - PHYSICAL DESCRIPTION
Pagination 127 p. :
Dimensions cm.
650 ## - SUBJECT ADDED ENTRY--TOPICAL TERM
Topical term or geographic name as entry element Cultivaction, Coffee
942 ## - ADDED ENTRY ELEMENTS (KOHA)
Source of classification or shelving scheme Dewey Decimal Classification
Koha item type Books
Holdings
Source of classification or shelving scheme Damaged status Not for loan Home library Current library Shelving location Date of accession Total Checkouts Full call number Barcode Date last seen Copy number Koha item type
Dewey Decimal Classification     JCC Rouf Library JCC Rouf Library General Stacks 12/30/2017   633.73 HAR 1963 7853 12/30/2017 C - 1 Books

JCC Library | Contacts | JCC Home

Last Update on 23 September 2017
Copyright @ 2017-2020 JCC Rouf Library
Rouf Library, Jhenidah Cadet College (JCC), Bangladesh